[Event "GER-ch U25 op-A"]
[Site "Oberhof"]
[Date "2012.05.29"]
[Round "5"]
[White "Baier, Christoph"]
[Black "Pererva, Viktor"]
[Result "1/2-1/2"]
[WhiteElo "1877"]
[BlackElo "1930"]
[PlyCount "49"]
[EventDate "2012.05.27"]
[EventType "swiss"]
[EventRounds "9"]
[EventCountry "GER"]
[SourceTitle "CBM 148 Extra"]
[Source "ChessBase"]
[SourceDate "2012.06.22"]
[SourceVersion "1"]
[SourceVersionDate "2012.06.22"]
[SourceQuality "1"]

1. d4 d5 2. c4 c6 3. Nf3 Nf6 4. Nc3 dxc4 5. a4 Bf5 6. e3 Nbd7 7. Bxc4 e6 8. 0-0 Bb4 9. Qb3 Qb6 10. Bd2 0-0 11. Ne2 Be7 12. Ng3 Bg6 13. Rac1 Qxb3 14. Bxb3 Rac8 15. Bc2 c5 16. Bxg6 hxg6 17. e4 Rfd8 18. Ba5 b6 19. Bc3 cxd4 20. Bxd4 Nc5 21. Bxc5 Rxc5 22. h3 Rdc8 23. Rxc5 Rxc5 24. Rd1 Rc2 25. Rd2 1/2-1/2

[Event "Mecklenburg VP VL 1112"]
[Site "Mecklenburg VP"]
[Date "2011.10.02"]
[Round "1.7"]
[White "Birnbaum, Wolf Dieter"]
[Black "Baier, Christoph"]
[Result "0-1"]
[WhiteElo "1827"]
[BlackElo "1889"]
[PlyCount "54"]
[EventDate "2011.10.02"]
[EventType "team-tourn"]
[EventRounds "9"]
[EventCountry "GER"]
[SourceTitle "EXT 2022"]
[Source "ChessBase"]
[SourceDate "2021.10.06"]
[SourceVersion "1"]
[SourceVersionDate "2021.10.06"]
[SourceQuality "1"]
[WhiteTeam "Warnemuende SF Ostsee"]
[BlackTeam "Neubrandenburg SG Eintracht"]
[WhiteTeamCountry "GER"]
[BlackTeamCountry "GER"]

1. Nf3 Nf6 2. g3 g6 3. Bg2 Bg7 4. 0-0 0-0 5. d4 d5 6. c4 c6 7. cxd5 cxd5 8. Nc3 Nc6 9. Ne5 Bf5 10. Qa4 Qb6 11. Nxd5 Nxd5 12. Bxd5 Nxd4 13. Nc4 Qc5 14. Bxb7 Rab8 15. Na5 Bc2 16. b4 Qc7 17. Qa3 Nxe2+ 18. Kg2 Bxa1 19. Bf3 Nd4 20. Bf4 e5 21. Bh6 Bc3 22. Bxf8 Kxf8 23. Nc6 Nb5 24. Qc1 e4 25. Nxb8 exf3+ 26. Kg1 Nd4 27. Qe3 Qxb8 0-1

[Event "GER-chA U25"]
[Site "Oberhof"]
[Date "2011.06.18"]
[Round "9"]
[White "Becker, Matthias"]
[Black "Baier, Christoph"]
[Result "1/2-1/2"]
[WhiteElo "1912"]
[BlackElo "1898"]
[PlyCount "64"]
[EventDate "2011.06.11"]
[EventType "swiss"]
[EventRounds "9"]
[EventCountry "GER"]
[SourceTitle "CBM 142 Extra"]
[Source "ChessBase"]
[SourceDate "2011.06.27"]
[SourceVersion "1"]
[SourceVersionDate "2011.06.27"]
[SourceQuality "1"]

1. e4 c5 2. Nf3 Nc6 3. d4 cxd4 4. Nxd4 g6 5. c4 Bg7 6. Be3 Nf6 7. Nc3 0-0 8. Be2 d6 9. f3 Nxd4 10. Bxd4 Be6 11. 0-0 Qa5 12. Qd2 Rfc8 13. b3 a6 14. Rad1 Rab8 15. a4 Qb4 16. Nd5 Nxd5 17. exd5 Qxd2 18. Rxd2 Bxd4+ 19. Rxd4 Bd7 20. Ra1 a5 21. Re1 Re8 22. Bd3 Rbd8 23. Kf2 Bc8 24. Bc2 Kf8 25. g4 e5 26. dxe6 fxe6 27. Be4 Ke7 28. h4 Rf8 29. Kg3 b6 30. Bd5 Rf6 31. Rde4 Rdf8 32. R4e3 e5 1/2-1/2

[Event "GER-chA U25"]
[Site "Oberhof"]
[Date "2011.06.16"]
[Round "7"]
[White "Van gen Hassend, Max"]
[Black "Baier, Christoph"]
[Result "1/2-1/2"]
[WhiteElo "1988"]
[BlackElo "1898"]
[PlyCount "70"]
[EventDate "2011.06.11"]
[EventType "swiss"]
[EventRounds "9"]
[EventCountry "GER"]
[SourceTitle "CBM 142 Extra"]
[Source "ChessBase"]
[SourceDate "2011.06.27"]
[SourceVersion "1"]
[SourceVersionDate "2011.06.27"]
[SourceQuality "1"]

1. e4 c5 2. Nf3 Nc6 3. d4 cxd4 4. Nxd4 g6 5. Be3 Bg7 6. Nc3 Nf6 7. Nxc6 bxc6 8. e5 Ng8 9. f4 Nh6 10. Qd2 d5 11. exd6 Qxd6 12. Qxd6 exd6 13. 0-0-0 Nf5 14. Bf2 0-0 15. g4 Nh6 16. h3 d5 17. Bg2 Ba6 18. Rhe1 Bc4 19. Na4 Rfe8 20. b3 Bb5 21. Nc5 Bc3 22. Rxe8+ Rxe8 23. Bd4 Bxd4 24. Rxd4 Re2 25. Rd2 Re3 26. Rf2 Rc3 27. Nd7 a5 28. Kd2 Rg3 29. a4 Ba6 30. Nc5 Bc8 31. Re2 Kg7 32. Bf1 Rf3 33. Bg2 Rg3 34. Rf2 Ng8 35. Nd3 h5 1/2-1/2

[Event "Mecklenburg VP-ch U16"]
[Site "Malchow"]
[Date "2011.02.07"]
[Round "5.2"]
[White "Baier, Christoph"]
[Black "Stoevesand, Peter"]
[Result "1/2-1/2"]
[WhiteElo "1906"]
[BlackElo "1563"]
[PlyCount "37"]
[EventDate "2011.02.05"]
[EventType "swiss"]
[EventRounds "7"]
[EventCountry "GER"]
[SourceTitle "EXT 2022"]
[Source "ChessBase"]
[SourceDate "2021.10.06"]
[SourceVersion "1"]
[SourceVersionDate "2021.10.06"]
[SourceQuality "1"]

1. d4 d5 2. c4 e6 3. Nc3 Nf6 4. Nf3 Be7 5. Bg5 0-0 6. e3 h6 7. Bh4 b6 8. Bd3 Bb7 9. 0-0 Nbd7 10. Qe2 c5 11. Rfd1 Ne4 12. Bxe7 Nxc3 13. bxc3 Qxe7 14. Rac1 Rac8 15. cxd5 exd5 16. Bf5 Rc7 17. Rc2 Nf6 18. Ne5 Bc8 19. Qf3 1/2-1/2

[Event "Mecklenburg VP-ch U16"]
[Site "Malchow"]
[Date "2011.02.05"]
[Round "1.1"]
[White "Baier, Christoph"]
[Black "Schreiber, Oliver"]
[Result "1-0"]
[WhiteElo "1906"]
[BlackElo "1396"]
[PlyCount "61"]
[EventDate "2011.02.05"]
[EventType "swiss"]
[EventRounds "7"]
[EventCountry "GER"]
[SourceTitle "EXT 2022"]
[Source "ChessBase"]
[SourceDate "2021.10.06"]
[SourceVersion "1"]
[SourceVersionDate "2021.10.06"]
[SourceQuality "1"]

1. d4 d5 2. c4 c6 3. Nc3 Nf6 4. Nf3 e6 5. Bg5 Nbd7 6. e3 Qa5 7. Nd2 Bb4 8. Qc2 0-0 9. Be2 dxc4 10. Bxf6 Nxf6 11. Nxc4 Qg5 12. 0-0 Nd5 13. Ne4 Qh6 14. Rac1 Rd8 15. Ne5 f5 16. Nc5 Nxe3 17. fxe3 Qxe3+ 18. Rf2 Rxd4 19. Ncd3 Bd6 20. Nc4 Qg5 21. Nxd6 Rxd6 22. Rd1 b6 23. Bf3 Bb7 24. Rff1 Rad8 25. Nf2 Rd2 26. Qb3 Kf7 27. Rfe1 Qg6 28. Rxd2 Rxd2 29. Nd3 Qf6 30. Ne5+ Ke7 31. Qb4+ 1-0

[Event "Mecklenburg VP LL2 Ost 1011"]
[Site "Mecklenburg VP"]
[Date "2011.01.16"]
[Round "5.1"]
[White "Baier, Christoph"]
[Black "Schmidt, Peter"]
[Result "0-1"]
[WhiteElo "1887"]
[BlackElo "2085"]
[PlyCount "80"]
[EventDate "2010.10.10"]
[EventType "team-tourn"]
[EventRounds "9"]
[EventCountry "GER"]
[SourceTitle "EXT 2022"]
[Source "ChessBase"]
[SourceDate "2021.10.06"]
[SourceVersion "1"]
[SourceVersionDate "2021.10.06"]
[SourceQuality "1"]
[WhiteTeam "Neubrandenburg SG Eintracht II"]
[BlackTeam "Wolgast Motor"]
[WhiteTeamCountry "GER"]
[BlackTeamCountry "GER"]

1. d4 g6 2. e4 Bg7 3. Nf3 d6 4. Bc4 Nf6 5. Nc3 0-0 6. 0-0 Nc6 7. h3 Nxe4 8. Bxf7+ Rxf7 9. Nxe4 Rxf3 10. Qxf3 Nxd4 11. Qd3 Bf5 12. g4 Bd7 13. a4 d5 14. Nc5 e5 15. f3 Bc6 16. c3 e4 17. fxe4 dxe4 18. Qd1 Qh4 19. Bf4 Rd8 20. cxd4 Bxd4+ 21. Kh2 Bxc5 22. Qb3+ Bd5 23. Qg3 Qxg3+ 24. Kxg3 c6 25. Bg5 Re8 26. Rae1 Bb4 27. Re3 Bc5 28. Ree1 Bd4 29. b4 Bc3 30. Rb1 e3 31. Rfe1 Bxe1+ 32. Rxe1 e2 33. Kf2 Bc4 34. Bd2 Rf8+ 35. Kg2 Rf1 36. Kg3 a6 37. a5 Kf7 38. Kh4 h6 39. g5 h5 40. Kg3 Ke6 0-1

[Event "Mecklenburg VP-ch U16"]
[Site "Malchow"]
[Date "2010.02.??"]
[Round "4.2"]
[White "Wahrmann, Eric"]
[Black "Baier, Christoph"]
[Result "1/2-1/2"]
[WhiteElo "1498"]
[BlackElo "1810"]
[PlyCount "55"]
[EventDate "2010.02.10"]
[EventType "swiss"]
[EventRounds "7"]
[EventCountry "GER"]
[SourceTitle "EXT 2022"]
[Source "ChessBase"]
[SourceDate "2021.10.06"]
[SourceVersion "1"]
[SourceVersionDate "2021.10.06"]
[SourceQuality "1"]

1. d4 Nf6 2. e3 g6 3. Bd3 Bg7 4. Nf3 0-0 5. 0-0 d5 6. Nbd2 b6 7. e4 dxe4 8. Nxe4 Nbd7 9. c3 Bb7 10. Re1 Rc8 11. Qc2 c5 12. dxc5 Bxe4 13. Bxe4 Nxc5 14. Rd1 Qc7 15. Bd3 Nxd3 16. Rxd3 Rfd8 17. Rxd8+ Rxd8 18. Be3 Qd6 19. Bd4 Bh6 20. Re1 Nd5 21. Qe4 f6 22. c4 e5 23. Bxe5 fxe5 24. Qxd5+ Qxd5 25. cxd5 Rxd5 26. Rxe5 Rd1+ 27. Re1 Rd5 28. h3 1/2-1/2

[Event "Mecklenburg VP-ch U16"]
[Site "Malchow"]
[Date "2010.02.??"]
[Round "7.1"]
[White "Wolf, Christoph"]
[Black "Baier, Christoph"]
[Result "1/2-1/2"]
[WhiteElo "1980"]
[BlackElo "1810"]
[PlyCount "22"]
[EventDate "2010.02.10"]
[EventType "swiss"]
[EventRounds "7"]
[EventCountry "GER"]
[SourceTitle "EXT 2022"]
[Source "ChessBase"]
[SourceDate "2021.10.06"]
[SourceVersion "1"]
[SourceVersionDate "2021.10.06"]
[SourceQuality "1"]

1. Nf3 Nf6 2. c4 c5 3. g3 g6 4. Bg2 Bg7 5. 0-0 0-0 6. d4 d6 7. Nc3 Bd7 8. dxc5 dxc5 9. Ne5 Bc6 10. Nxc6 Nxc6 11. Be3 Ng4 1/2-1/2

[Event "Mecklenburg VP LL 0910"]
[Site "Mecklenburg VP"]
[Date "2009.11.29"]
[Round "3.8"]
[White "Bigalke, Steffen"]
[Black "Baier, Christoph"]
[Result "0-1"]
[WhiteElo "1821"]
[BlackElo "1648"]
[PlyCount "58"]
[EventDate "2009.10.18"]
[EventType "team-tourn"]
[EventRounds "9"]
[EventCountry "GER"]
[SourceTitle "EXT 2016"]
[Source "ChessBase"]
[SourceDate "2015.10.08"]
[SourceVersion "1"]
[SourceVersionDate "2015.10.08"]
[SourceQuality "1"]
[WhiteTeam "Torgelow Droegeheide"]
[BlackTeam "Neubrandenburg SG Eintracht"]
[WhiteTeamCountry "GER"]
[BlackTeamCountry "GER"]

1. e4 d5 2. exd5 Nf6 3. c4 c6 4. dxc6 Nxc6 5. Nf3 e5 6. d3 Bf5 7. Qb3 Qd7 8. Bd2 0-0-0 9. Na3 e4 10. dxe4 Nxe4 11. Rd1 Nxd2 12. Rxd2 Bb4 13. Qxb4 Qe8+ 14. Re2 Nxb4 15. Rxe8 Rhxe8+ 16. Be2 Bd3 17. Ng1 Bxe2 18. Nxe2 Nd3+ 19. Kf1 Nxb2 20. Nc3 Na4 21. Nd5 Nb6 22. Nxb6+ axb6 23. g3 Rd1+ 24. Kg2 Rxh1 25. Kxh1 Re2 26. Kg2 Rxa2 27. Nb5 Kd7 28. Nc3 Rc2 29. Nd5 Kd6 0-1

[Event "Mecklenburg VP LL2 Ost 0910"]
[Site "Mecklenburg VP"]
[Date "2009.10.18"]
[Round "1.3"]
[White "Baier, Christoph"]
[Black "Dettmann, Holger"]
[Result "1/2-1/2"]
[WhiteElo "1648"]
[BlackElo "1945"]
[PlyCount "49"]
[EventDate "2009.10.18"]
[EventType "team-tourn"]
[EventRounds "9"]
[EventCountry "GER"]
[SourceTitle "EXT 2016"]
[Source "ChessBase"]
[SourceDate "2015.10.08"]
[SourceVersion "1"]
[SourceVersionDate "2015.10.08"]
[SourceQuality "1"]
[WhiteTeam "Neubrandenburg SG Eintracht II"]
[BlackTeam "Guestrow/Teterow"]
[WhiteTeamCountry "GER"]
[BlackTeamCountry "GER"]

1. d4 d5 2. c4 e6 3. Nc3 Nf6 4. Nf3 Be7 5. Bg5 Nbd7 6. e3 h6 7. Bh4 0-0 8. Bd3 dxc4 9. Bxc4 c5 10. 0-0 Nb6 11. Bd3 cxd4 12. Nxd4 Nfd5 13. Bxe7 Qxe7 14. Rc1 Bd7 15. Ne4 Rac8 16. Qe2 a6 17. a3 Na4 18. b4 Rfd8 19. Nb3 f5 20. Nec5 Ndc3 21. Qf3 Bc6 22. e4 Nxc5 23. Nxc5 Nb5 24. Bc4 Nd4 25. Qe3 1/2-1/2

[Event "GER-ch U25 op"]
[Site "Willingen"]
[Date "2009.06.02"]
[Round "4"]
[White "Schmidt, Matthias2222"]
[Black "Baier, Christoph"]
[Result "1-0"]
[WhiteElo "1803"]
[BlackElo "1671"]
[PlyCount "131"]
[EventDate "2009.05.30"]
[EventType "swiss"]
[EventRounds "9"]
[EventCountry "GER"]
[SourceTitle "EXT 2010"]
[Source "ChessBase"]
[SourceDate "2010.11.25"]
[SourceVersion "1"]
[SourceVersionDate "2010.11.25"]
[SourceQuality "1"]

1. d4 Nf6 2. Nf3 g6 3. g3 Bg7 4. Bg2 0-0 5. 0-0 d6 6. c4 c5 7. dxc5 dxc5 8. Qb3 Nc6 9. Be3 Qb6 10. Na3 Bf5 11. Nh4 Be6 12. Rad1 Rfd8 13. Qb5 Nd7 14. b3 Qc7 15. Bf4 Qc8 16. Bxc6 Qxc6 17. Qxc6 bxc6 18. Be3 Be5 19. Rd3 Bd6 20. f4 f5 21. Rfd1 Kf8 22. Nb1 Ke8 23. Nc3 Rac8 24. Na4 Rb8 25. Nf3 Rbc8 26. Bf2 Rb8 27. Re3 Nf8 28. Ng5 Bg8 29. Red3 Nd7 30. Kg2 Ra8 31. Nf3 Rac8 32. Nd2 Rb8 33. e4 Be6 34. e5 Bc7 35. Bxc5 a6 36. Nf1 Ra8 37. Ne3 Rab8 38. Nc2 Ba5 39. Ba3 Rbc8 40. Nd4 Nf8 41. Nc5 Bg8 42. Nb7 Rxd4 43. Rxd4 Bb6 44. Nc5 Ne6 45. Nxe6 Bxe6 46. R4d3 Rb8 47. Kf3 Rb7 48. h3 h5 49. Re1 Kf7 50. Re2 Rb8 51. Rg2 Rh8 52. Bb4 Rh7 53. Bc3 Rh6 54. Rd1 Rh7 55. Bd4 Bc7 56. Rdg1 Rh6 57. Ke3 Rh7 58. Kd3 Rh8 59. g4 hxg4 60. hxg4 fxg4 61. Rxg4 Bxg4 62. e6+ Kg8 63. Rxg4 Rh3+ 64. Kc2 Kh7 65. f5 Rh6 66. f6 1-0

[Event "Mecklenburg VP-ch U14"]
[Site "Malchow"]
[Date "2009.02.10"]
[Round "6.7"]
[White "Wulf, Constanze"]
[Black "Baier, Christoph"]
[Result "0-1"]
[WhiteElo "1044"]
[BlackElo "1682"]
[PlyCount "116"]
[EventDate "2009.02.07"]
[EventType "swiss"]
[EventRounds "7"]
[EventCountry "GER"]
[SourceTitle "EXT 2022"]
[Source "ChessBase"]
[SourceDate "2021.10.06"]
[SourceVersion "1"]
[SourceVersionDate "2021.10.06"]
[SourceQuality "1"]

1. d4 d5 2. Bf4 Nf6 3. e3 Bf5 4. c4 e6 5. Nc3 Nbd7 6. Qb3 dxc4 7. Qxc4 c6 8. Nf3 Be7 9. Be2 0-0 10. 0-0 Nh5 11. Be5 Nxe5 12. Nxe5 Nf6 13. Rfd1 Qc7 14. f4 Nd5 15. Nxd5 exd5 16. Qc3 f6 17. Nf3 Bd6 18. Bd3 Bxd3 19. Qxd3 Rfe8 20. Re1 Re4 21. Re2 Rae8 22. Rc1 Bxf4 23. Rce1 Bd6 24. Qb3 Qb6 25. Qxb6 axb6 26. a3 h6 27. Kf2 Kf7 28. g3 f5 29. Nh4 g6 30. Ng2 Be7 31. Rc2 Bf6 32. Rd2 Bg5 33. Rd3 R8e7 34. a4 Re8 35. Rb3 Bd8 36. Nf4 Bc7 37. Ng2 Ra8 38. Rb4 Ra6 39. Ra1 Re8 40. Rb3 Rea8 41. Rba3 Bd6 42. R3a2 b5 43. b3 bxa4 44. bxa4 b5 45. Nf4 Bxf4 46. gxf4 Rxa4 47. Rxa4 Rxa4 48. Rb1 Kf6 49. Rc1 Rc4 50. Rb1 g5 51. fxg5+ hxg5 52. Kf3 g4+ 53. Kf4 Rc2 54. Kg3 Kg5 55. h4+ gxh3 56. Kxh3 Rc3 57. Rg1+ Kf6 58. Re1 f4 0-1

[Event "Mecklenburg VP LL2 Ost 0809"]
[Site "Mecklenburg VP"]
[Date "2009.01.18"]
[Round "5.6"]
[White "Pelnar, Helmut"]
[Black "Baier, Christoph"]
[Result "1-0"]
[WhiteElo "1803"]
[BlackElo "1558"]
[PlyCount "61"]
[EventDate "2008.09.28"]
[EventType "team-tourn"]
[EventRounds "9"]
[EventCountry "GER"]
[SourceTitle "EXT 2022"]
[Source "ChessBase"]
[SourceDate "2021.10.06"]
[SourceVersion "1"]
[SourceVersionDate "2021.10.06"]
[SourceQuality "1"]
[WhiteTeam "Waren ESV"]
[BlackTeam "Neubrandenburg SG Eintracht II"]
[WhiteTeamCountry "GER"]
[BlackTeamCountry "GER"]

1. e4 e6 2. d4 d5 3. exd5 exd5 4. Nf3 Bg4 5. Be2 Bd6 6. 0-0 Nf6 7. Bg5 Nbd7 8. Ne5 Bf5 9. Nxd7 Qxd7 10. Nd2 0-0-0 11. c3 Rde8 12. a4 Re6 13. h3 Rhe8 14. Be3 Ne4 15. Nxe4 dxe4 16. d5 Rg6 17. Bh5 Bxh3 18. Bxg6 hxg6 19. f4 exf3 20. Qxf3 Bg4 21. Qf2 b6 22. b4 f5 23. a5 Kb7 24. axb6 axb6 25. Qa2 c5 26. Qa7+ Kc8 27. Qxb6 Bb8 28. Bf4 Qb7 29. Qxc5+ Kd8 30. Bxb8 Qxb8 31. Ra7 1-0

[Event "GER-chT U14"]
[Site "Verden"]
[Date "2008.12.30"]
[Round "7.2"]
[White "Baier, Christoph"]
[Black "Holle, Eric"]
[Result "1/2-1/2"]
[WhiteElo "1622"]
[BlackElo "1515"]
[PlyCount "56"]
[EventDate "2008.12.27"]
[EventType "team-swiss"]
[EventRounds "7"]
[EventCountry "GER"]
[SourceTitle "EXT 2010"]
[Source "ChessBase"]
[SourceDate "2010.11.25"]
[SourceVersion "1"]
[SourceVersionDate "2010.11.25"]
[SourceQuality "1"]
[WhiteTeam "Feldberg"]
[BlackTeam "Stade"]
[WhiteTeamCountry "GER"]
[BlackTeamCountry "GER"]

1. d4 Nf6 2. c4 c5 3. d5 b5 4. cxb5 a6 5. bxa6 Bxa6 6. Nc3 d6 7. Nf3 g6 8. g3 Bg7 9. Bh3 Nbd7 10. 0-0 0-0 11. Re1 Qc7 12. Qc2 Rfb8 13. e4 Qb6 14. b3 Ra7 15. Rb1 Rba8 16. Bb2 Bc8 17. Nd2 Ne8 18. Na4 Qa5 19. Bxg7 Kxg7 20. Nc4 Qb5 21. Bxd7 Bxd7 22. Nab6 Rb8 23. Nxd7 Qxd7 24. Kg2 Nc7 25. Re2 Nb5 26. Qd3 Nd4 27. Rd2 Rb5 28. b4 Rb8 1/2-1/2

[Event "GER-chT U14"]
[Site "Verden"]
[Date "2008.12.28"]
[Round "3.2"]
[White "Baier, Christoph"]
[Black "Schwind, Janek"]
[Result "1-0"]
[WhiteElo "1622"]
[BlackElo "1723"]
[PlyCount "105"]
[EventDate "2008.12.27"]
[EventType "team-swiss"]
[EventRounds "7"]
[EventCountry "GER"]
[SourceTitle "EXT 2010"]
[Source "ChessBase"]
[SourceDate "2010.11.25"]
[SourceVersion "1"]
[SourceVersionDate "2010.11.25"]
[SourceQuality "1"]
[WhiteTeam "Feldberg"]
[BlackTeam "Mainaschaff"]
[WhiteTeamCountry "GER"]
[BlackTeamCountry "GER"]

1. d4 Nf6 2. c4 c5 3. d5 b5 4. cxb5 a6 5. bxa6 Bxa6 6. Nc3 g6 7. g3 d6 8. Bh3 Bg7 9. Nf3 Nbd7 10. 0-0 Qb6 11. Re1 0-0 12. Qc2 Rfb8 13. Rb1 Qc7 14. e4 Nb6 15. b3 Nfd7 16. Bb2 Bc8 17. Nb5 Qb7 18. Bxg7 Kxg7 19. a4 Nf6 20. Bxc8 Nxc8 21. Nd2 Na7 22. Nxa7 Rxa7 23. Nc4 Qb4 24. Rec1 Nd7 25. Qc3+ Qxc3 26. Rxc3 Rxa4 27. bxa4 Rxb1+ 28. Kg2 Nb6 29. Nxb6 Rxb6 30. Ra3 Kf8 31. a5 Ra6 32. Kf3 Ke8 33. Ke3 Kd7 34. Kd3 Ra8 35. f3 Kc7 36. g4 Kb7 37. g5 Ka6 38. Kc4 Rb8 39. Kc3 Rb5 40. h4 Rxa5 41. Rxa5+ Kxa5 42. Kc4 Kb6 43. f4 e6 44. dxe6 fxe6 45. f5 d5+ 46. Kc3 exf5 47. exf5 d4+ 48. Kd2 gxf5 49. h5 c4 50. g6 hxg6 51. hxg6 Kb5 52. g7 Kb4 53. g8Q 1-0

[Event "GER-chT U14"]
[Site "Verden"]
[Date "2008.12.27"]
[Round "1.2"]
[White "Baier, Christoph"]
[Black "Hartewig, Philipp"]
[Result "1-0"]
[WhiteElo "1622"]
[BlackElo "1441"]
[PlyCount "71"]
[EventDate "2008.12.27"]
[EventType "team-swiss"]
[EventRounds "7"]
[EventCountry "GER"]
[SourceTitle "EXT 2010"]
[Source "ChessBase"]
[SourceDate "2010.11.25"]
[SourceVersion "1"]
[SourceVersionDate "2010.11.25"]
[SourceQuality "1"]
[WhiteTeam "Feldberg"]
[BlackTeam "Chemnitz Aufbau"]
[WhiteTeamCountry "GER"]
[BlackTeamCountry "GER"]

1. d4 d5 2. c4 c6 3. Nc3 Nf6 4. Nf3 dxc4 5. e4 b5 6. Qc2 e6 7. e5 Nd5 8. a4 b4 9. Ne4 Nd7 10. Bxc4 Qc7 11. Bxd5 exd5 12. Ng3 c5 13. 0-0 c4 14. Re1 Nb8 15. e6 Bxe6 16. Ng5 Kd7 17. Nxe6 fxe6 18. Rxe6 Nc6 19. Qf5 Nxd4 20. Qf7+ Kc8 21. Re8+ Kb7 22. Qxc7+ Kxc7 23. Rxa8 Nb3 24. Rb1 d4 25. Bf4+ Kb7 26. Rd8 d3 27. Ne4 h6 28. Bd6 Bxd6 29. Nxd6+ Kc7 30. Rxh8 Kxd6 31. Rc8 Na5 32. f3 d2 33. Kf2 Kd5 34. Rd8+ Kc5 35. Ke2 c3 36. bxc3 1-0

[Event "GER-chT U14"]
[Site "Verden"]
[Date "2008.12.27"]
[Round "2.2"]
[White "Carmesin, Matthias"]
[Black "Baier, Christoph"]
[Result "1-0"]
[WhiteElo "1832"]
[BlackElo "1622"]
[PlyCount "109"]
[EventDate "2008.12.27"]
[EventType "team-swiss"]
[EventRounds "7"]
[EventCountry "GER"]
[SourceTitle "EXT 2010"]
[Source "ChessBase"]
[SourceDate "2010.11.25"]
[SourceVersion "1"]
[SourceVersionDate "2010.11.25"]
[SourceQuality "1"]
[WhiteTeam "Stade"]
[BlackTeam "Feldberg"]
[WhiteTeamCountry "GER"]
[BlackTeamCountry "GER"]

1. Nf3 d5 2. g3 Nc6 3. d4 Nf6 4. Bg2 Bf5 5. 0-0 e6 6. Ne5 Bd6 7. Bf4 Qe7 8. c4 0-0 9. Nc3 Be4 10. Nxe4 Nxe4 11. Qc2 Nxd4 12. Qd3 Bxe5 13. Bxe5 Nc6 14. cxd5 Nxf2 15. Qc3 Nxe5 16. Qxe5 Ng4 17. Qd4 Nf6 18. dxe6 Qxe6 19. Bxb7 Rab8 20. Bf3 Qb6 21. Qxb6 cxb6 22. Rac1 Rbc8 23. Bb7 Rce8 24. Rc2 Re7 25. Bf3 Rd8 26. Rfc1 h6 27. b3 Kh7 28. Kf2 g5 29. h3 Nd5 30. Rd2 Red7 31. Bg4 Rd6 32. Bf5+ Kg7 33. Kf3 Ne7 34. Rxd6 Rxd6 35. Bd3 Kf6 36. Rc7 a5 37. Bc4 Rd4 38. a4 Rd6 39. e4 Nc6 40. Rxf7+ Kg6 41. Rc7 Ne5+ 42. Ke3 Kf6 43. Bd5 Kg6 44. Rc2 Kg7 45. Rf2 Kg6 46. Kd4 Nc6+ 47. Kc4 Ne5+ 48. Kb5 Nd3 49. Rd2 Ne5 50. Rc2 Kg7 51. Rc7+ Kf8 52. Rb7 Nd7 53. Bc6 Ne5 54. Rxb6 Ke7 55. Bd5 1-0